Diagnosis and treatment of young school failures / (Record no. 20637)
[ view plain ]
| 000 -LEADER | |
|---|---|
| fixed length control field | 01162cam a22002891a 4500 |
| 001 - CONTROL NUMBER | |
| control field | e 23000252 |
| 003 - CONTROL NUMBER IDENTIFIER | |
| control field | DLC |
| 005 - DATE AND TIME OF LATEST TRANSACTION | |
| control field | 20260227111214.0 |
| 008 - FIXED-LENGTH DATA ELEMENTS--GENERAL INFORMATION | |
| fixed length control field | 841027s1923 dcu f000 0 eng c |
| 010 ## - LIBRARY OF CONGRESS CONTROL NUMBER | |
| LC control number | e 23000252 |
| 035 ## - SYSTEM CONTROL NUMBER | |
| System control number | (OCoLC)11319195 |
| 040 ## - CATALOGING SOURCE | |
| Original cataloging agency | U.S. Off. of Educ. Library |
| Transcribing agency | ABAU |
| Modifying agency | ABAU |
| -- | DLC |
| 042 ## - AUTHENTICATION CODE | |
| Authentication code | premarc |
| 050 00 - LIBRARY OF CONGRESS CALL NUMBER | |
| Classification number | L111 |
| Item number | .A6 1923, no. 1 |
| 051 ## - LIBRARY OF CONGRESS COPY, ISSUE, OFFPRINT STATEMENT | |
| Classification number | LC4033.C5 |
| Item number | W5 |
| 100 1# - MAIN ENTRY--PERSONAL NAME | |
| Personal name | Woolley, Helen Thompson, |
| Dates associated with a name | 1874- |
| 245 10 - TITLE STATEMENT | |
| Title | Diagnosis and treatment of young school failures / |
| Statement of responsibility, etc. | by Helen Thompson Woolley and Elizabeth Ferris. |
| 260 ## - PUBLICATION, DISTRIBUTION, ETC. | |
| Place of publication, distribution, etc. | Washington : |
| Name of publisher, distributor, etc. | G.P.O., |
| Date of publication, distribution, etc. | 1923. |
| 300 ## - PHYSICAL DESCRIPTION | |
| Extent | vi, 115 p. ; |
| Dimensions | 23 cm. |
| 490 1# - SERIES STATEMENT | |
| Series statement | Bulletin / Dept. of the Interior, Bureau of Education ; |
| Volume/sequential designation | 1923, no. 1 |
| 500 ## - GENERAL NOTE | |
| General note | "Prepared under the auspices of the Helen S. Trounstine Foundation, Cincinnati, constituting no. 8 in the Foundation's Series of Social Studies." |
| 504 ## - BIBLIOGRAPHY, ETC. NOTE | |
| Bibliography, etc. note | Includes bibliographical references and index. |
| 650 #0 - SUBJECT ADDED ENTRY--TOPICAL TERM | |
| Topical term or geographic name entry element | Slow learning children |
| Geographic subdivision | United States. |
| 700 1# - ADDED ENTRY--PERSONAL NAME | |
| Personal name | Ferris, Elizabeth. |
| 710 2# - ADDED ENTRY--CORPORATE NAME | |
| Corporate name or jurisdiction name as entry element | Helen S. Trounstine Foundation. |
| 830 #0 - SERIES ADDED ENTRY--UNIFORM TITLE | |
| Uniform title | Bulletin (United States. Bureau of Education) ; |
| Volume/sequential designation | 1923, no. 1 |
No items available.